00640nam a22001577a 450000500170000002000230001703500210004003700130006124500460007426000440012030000250016494200250018999900170021495201200023195201310035120180730160533.0 a8120318021c695.00 aB-41391,B-041390 aDPLbENG aManaging a microsoft windows NT Network / aNew DehlibPrentice-Hall of Indiac2001 axxii, 829p.c22 cms. 2ddccENh005.43mMAN c62465d62465 001040708NFICaZLSbZLSd2012-02-10g695.00l0o005.43 MANpB-41391r2012-02-10 00:00:00v695.00w2012-02-10yEN 001040708NFICaBL1bBL1d2018-07-30eBPPD/Pubg695.00l0o005.43 MANpB-041390r2018-07-30 00:00:00v695.00w2018-07-30yEN